| 000 | 00994cam a22002658i 4500 | ||
|---|---|---|---|
| 999 |
_c57479 _d57479 |
||
| 001 | 19648396 | ||
| 005 | 20211122114728.0 | ||
| 008 | 170515s2018 gw b 001 0 eng | ||
| 010 | _a 2017023685 | ||
| 020 | _z9783131324429 | ||
| 035 | _a(DNLM)101705762 | ||
| 040 |
_aDNLM/DLC _erda _cDLC _dDLC |
||
| 041 | _aeng | ||
| 080 | _a616.21 R-66 | ||
| 100 | 1 |
_aProbst, Rudolf _98785 |
|
| 245 | 1 | 0 |
_aBasic otorhinolaryngology : _ba step-by-step learning guide / _cRudolf Probst, Gerhard Grevers, Heinrich Iro ; with contributions by Frank Rosanowski, Ulrich Eysholdt, Frank Waldfahrer. |
| 250 | _a2nd edition. | ||
| 264 | 1 |
_aStuttgart ; _aNew York : _bThieme, _c2018. |
|
| 300 |
_a422 p. ; _c25 cm. |
||
| 653 | _aოტორინოლარინგოლოგიური დაავადებები | ||
| 653 | _aმედიცინა | ||
| 700 | 1 |
_aGrevers, Gerhard, _eავტორი _98787 |
|
| 700 | 1 |
_aIro, H. _q(Heinrich), _eავტორი _98788 |
|
| 942 |
_2udc _cBK |
||